000 00605nam a2200181Ia 4500
008 090124s9999 xx 000 0 und d
082 _b31633
_a2115
100 _aदाभोलकर नरेंद्र
245 _a ऐसे कैसे झाले भोंदू
250 _a1
260 _c2002
300 _a264
600 _aदाभोलकर नरेंद्र
630 _a ऐसे कैसे झाले भोंदू
700 _aदाभोलकर नरेंद्र
730 _a ऐसे कैसे झाले भोंदू
942 _cBOOK
999 _c145113
_d145113